| 000 | 01221cam a22002175a 4500 | ||
|---|---|---|---|
| 001 | L139606 | ||
| 008 | 070425e20070728xxkd f s 000 0 eng d | ||
| 035 | _a(Sirsi) u139606 | ||
| 041 | 0 | _aeng | |
| 110 | 2 |
_aEstates Gazette _9298 |
|
| 245 | 0 | 0 |
_aLondon office market analysis _bissue 2 Apr-Jun 2007 |
| 260 | _c2007 | ||
| 490 | 0 |
_aEstates Gazette _v(0716) 28 July 2007, 65-82(18) |
|
| 490 | 0 |
_aEstates Gazette London Office Market Analysis _vissue 2 Jan-Mar 2007, 1-17(18) |
|
| 520 | _aDiscusses take up, supply, availability rates, asking rents and construction trends for various locations within London. Reports that the disappointing start to 2007 continued into the second quarter until a flurry of activity drove take up levels upwards. A rise was seen across all markets except the West End and Midtown. This was the best performing second quarter since 2001. Tables show top London occupiers, the central London agents market share league, agents market share by market, key transactions and summary statistics. | ||
| 590 | _aKA | ||
| 650 | 2 | 4 | _aESTATES GAZETTE LONDON OFFICES MARKET ANALYSIS |
| 651 | 4 | _aLondon | |
| 690 | _aPROPERTY-COMMERCIAL PROPERTY-OFFICE PROPERTY-OFFICE PROPERTY MARKET | ||
| 942 | _n0 | ||
| 999 |
_c79056 _d79056 |
||